[Event "Saratov Region-ch"]
[Site "Saratov"]
[Date "2012.06.04"]
[Round "7"]
[White "Polyakov, Denis"]
[Black "Poleschikov, Alexey"]
[Result "1-0"]
[WhiteElo "1974"]
[BlackElo "1857"]
[PlyCount "115"]
[EventDate "2012.05.29"]
[EventType "swiss"]
[EventRounds "9"]
[EventCountry "RUS"]
[SourceTitle "CBM 148 Extra"]
[Source "ChessBase"]
[SourceDate "2012.06.22"]
[SourceVersion "1"]
[SourceVersionDate "2012.06.22"]
[SourceQuality "1"]

1. d4 Nf6 2. Nf3 e6 3. c4 d5 4. Nc3 Be7 5. Bg5 h6 6. Bh4 0-0 7. e3 c6 8. Qc2 Nbd7 9. Bd3 dxc4 10. Bxc4 b5 11. Bd3 Bb7 12. 0-0 a6 13. Rfd1 Qb6 14. Ne5 Rfe8 15. Nxd7 Nxd7 16. Bg3 Nf6 17. Rac1 Rac8 18. e4 Red8 19. f4 c5 20. e5 Nh5 21. Bh7+ Kh8 22. d5 Nxg3 23. hxg3 exd5 24. Bf5 Rc7 25. Qe2 g6 26. Bb1 c4+ 27. Kh2 b4 28. Na4 Qc6 29. b3 a5 30. Rd4 Ba6 31. Qg4 h5 32. Qf3 f5 33. exf6 Bxf6 34. Rdd1 Bg7 35. Re1 Bc8 36. Rcd1 cxb3 37. axb3 Rf7 38. Rc1 Qd6 39. Rc5 Bg4 40. Qd3 Bf5 41. Qb5 Bxb1 42. Rxb1 d4 43. Rc6 Qd7 44. Nc5 Qf5 45. Re1 h4 46. Qb6 hxg3+ 47. Kg1 Rg8 48. Rxg6 Qxf4 49. Ne4 Qh4 50. Rxg3 Bh6 51. Qxd4+ Bg7 52. Qd5 Bh6 53. Qxf7 Rxg3 54. Nxg3 Qd4+ 55. Qf2 Qd8 56. Nf5 Bg5 57. Qe2 Qb6+ 58. Kh1 1-0

[Event "Albena op 19th"]
[Site "Albena"]
[Date "2011.06.25"]
[Round "1"]
[White "Georgiev, Krum"]
[Black "Poleschikov, Alexey"]
[Result "1-0"]
[WhiteElo "2423"]
[BlackElo "1879"]
[PlyCount "57"]
[EventDate "2011.06.25"]
[EventType "swiss"]
[EventRounds "9"]
[EventCountry "BUL"]
[SourceTitle "CBM 143 Extra"]
[Source "ChessBase"]
[SourceDate "2011.08.29"]
[SourceVersion "1"]
[SourceVersionDate "2011.08.29"]
[SourceQuality "1"]

1. e4 c6 2. Nc3 d5 3. Nf3 dxe4 4. Nxe4 Bf5 5. Ng3 Bg6 6. h4 h6 7. Ne5 Qd6 8. d4 Nd7 9. Nc4 Qc7 10. Qf3 Ngf6 11. Bf4 Qd8 12. 0-0-0 Nd5 13. Re1 e6 14. Be5 b5 15. Nd6+ Bxd6 16. Bxd6 N7f6 17. Qa3 a5 18. Be5 Nb4 19. Re2 0-0 20. Qb3 Nfd5 21. Ne4 a4 22. Qg3 Nf6 23. Nxf6+ gxf6 24. Bd6 Nxc2 25. Rxc2 Kh7 26. Bxf8 Qxf8 27. Bd3 a3 28. Bxg6+ fxg6 29. Qc7+ 1-0

[Event "Saratov-ch SUSE"]
[Site "Saratov"]
[Date "2010.12.15"]
[Round "6"]
[White "Fedorova, Tatiana"]
[Black "Poleschikov, Alexey"]
[Result "1/2-1/2"]
[WhiteElo "1958"]
[BlackElo "1885"]
[PlyCount "96"]
[EventDate "2010.12.10"]
[EventType "swiss"]
[EventRounds "9"]
[EventCountry "RUS"]
[SourceTitle "EXT 2013"]
[Source "ChessBase"]
[SourceDate "2012.11.22"]
[SourceVersion "1"]
[SourceVersionDate "2012.11.22"]
[SourceQuality "1"]

1. c4 Nf6 2. Nc3 e6 3. d4 d5 4. Nf3 c6 5. Bg5 Be7 6. e3 0-0 7. Bd3 h6 8. Bh4 Nbd7 9. 0-0 dxc4 10. Bxc4 b5 11. Bd3 Bb7 12. Rc1 a6 13. Bb1 c5 14. Qc2 b4 15. Ne5 g5 16. Nxd7 Qxd7 17. Bg3 bxc3 18. Be5 Be4 19. Qxc3 Bxb1 20. Rxb1 cxd4 21. Bxd4 Rac8 22. Qe1 Qb7 23. f4 Ne4 24. Qe2 Bc5 25. Qh5 Bxd4 26. exd4 f6 27. Qg6+ Kh8 28. Rfe1 f5 29. Qxh6+ Qh7 30. Qxe6 gxf4 31. Re2 Qg7 32. Kh1 Rce8 33. Qxa6 Ng3+ 34. hxg3 fxg3 35. Kg1 Qxd4+ 36. Kf1 Qf4+ 37. Kg1 Qh4 38. Rxe8 Qh2+ 39. Kf1 Qh1+ 40. Ke2 Rxe8+ 41. Kf3 Qh5+ 42. Kxg3 f4+ 43. Kf2 Qh4+ 44. Kg1 f3 45. Rf1 f2+ 46. Rxf2 Re1+ 47. Rf1 Qd4+ 48. Kh2 Qh4+ 1/2-1/2

[Event "Saratov-ch SUSE"]
[Site "Saratov"]
[Date "2010.12.13"]
[Round "4"]
[White "Poleschikov, Alexey"]
[Black "Bolychevsky, Alexander"]
[Result "1-0"]
[WhiteElo "1885"]
[BlackElo "1824"]
[PlyCount "99"]
[EventDate "2010.12.10"]
[EventType "swiss"]
[EventRounds "9"]
[EventCountry "RUS"]
[SourceTitle "EXT 2013"]
[Source "ChessBase"]
[SourceDate "2012.11.22"]
[SourceVersion "1"]
[SourceVersionDate "2012.11.22"]
[SourceQuality "1"]

1. d4 Nf6 2. Nf3 g6 3. c4 Bg7 4. Nc3 d5 5. Bg5 Ne4 6. cxd5 Nxg5 7. Nxg5 e6 8. Nf3 exd5 9. e3 0-0 10. Be2 c6 11. 0-0 Re8 12. b4 Be6 13. Qd2 Nd7 14. Na4 a5 15. Nc5 axb4 16. Nxd7 Bxd7 17. Qxb4 Qc7 18. Rfc1 Ra5 19. Qb3 Rea8 20. a4 R8a7 21. h3 Qd8 22. Ne5 Be8 23. Nd3 Qa8 24. Bd1 Bf8 25. Nc5 b5 26. Qc3 bxa4 27. Ra3 Qb8 28. Rca1 Rxc5 29. dxc5 Bg7 30. Qc1 Bxa1 31. Rxa1 Qb4 32. Qc2 Ra5 33. Rxa4 Qxc5 34. Qxc5 Rxc5 35. Bf3 Rc1+ 36. Kh2 Kf8 37. Ra7 Rb1 38. Rc7 Rb8 39. Kg3 Rd8 40. Bg4 d4 41. exd4 Rxd4 42. Bf3 Rc4 43. h4 h5 44. Be2 Rc1 45. f3 c5 46. Kf2 Ba4 47. g4 hxg4 48. fxg4 Bb3 49. h5 g5 50. h6 1-0

[Event "Saratov-ch SUSE"]
[Site "Saratov"]
[Date "2010.12.12"]
[Round "3"]
[White "Zhestkov, Igor"]
[Black "Poleschikov, Alexey"]
[Result "1-0"]
[WhiteElo "1892"]
[BlackElo "1885"]
[PlyCount "101"]
[EventDate "2010.12.10"]
[EventType "swiss"]
[EventRounds "9"]
[EventCountry "RUS"]
[SourceTitle "EXT 2013"]
[Source "ChessBase"]
[SourceDate "2012.11.22"]
[SourceVersion "1"]
[SourceVersionDate "2012.11.22"]
[SourceQuality "1"]

1. e4 c6 2. d4 d5 3. exd5 cxd5 4. Nf3 Bg4 5. c3 Qc7 6. Qa4+ Bd7 7. Bb5 Bxb5 8. Qxb5+ Qc6 9. Qb3 Nd7 10. Bf4 Ngf6 11. Nbd2 Nh5 12. Ne5 Nxe5 13. Bxe5 f6 14. Bg3 Nxg3 15. hxg3 e5 16. 0-0 Rc8 17. Rfe1 e4 18. c4 dxc4 19. Qf3 Kf7 20. Nxe4 h6 21. Rac1 Bb4 22. Red1 Qd5 23. a3 Be7 24. Qe2 Rhe8 25. Nc3 Qd7 26. Qh5+ Kg8 27. Nd5 Bf8 28. Ne3 b5 29. Qg6 Qf7 30. Qf5 a6 31. Re1 g6 32. Qf3 Rcd8 33. Rcd1 Kg7 34. Qc6 Ra8 35. d5 Rec8 36. Qe6 b4 37. axb4 Bxb4 38. Re2 c3 39. bxc3 Rxc3 40. Qg4 Bf8 41. d6 Rd8 42. Qd4 Rc6 43. Qg4 Qd7 44. Qf3 Rxd6 45. Rxd6 Qxd6 46. Kh2 Rd7 47. Ra2 Qe6 48. Qe2 Rd6 49. Ra5 h5 50. Qf3 Rc6 51. Qe2 1-0

[Event "Saratov-ch SUSE"]
[Site "Saratov"]
[Date "2010.12.11"]
[Round "2"]
[White "Dudin, Denis"]
[Black "Poleschikov, Alexey"]
[Result "1-0"]
[WhiteElo "2081"]
[BlackElo "1885"]
[PlyCount "51"]
[EventDate "2010.12.10"]
[EventType "swiss"]
[EventRounds "9"]
[EventCountry "RUS"]
[SourceTitle "EXT 2013"]
[Source "ChessBase"]
[SourceDate "2012.11.22"]
[SourceVersion "1"]
[SourceVersionDate "2012.11.22"]
[SourceQuality "1"]

1. Nf3 Nf6 2. c4 c5 3. d4 cxd4 4. Nxd4 e6 5. g3 Nc6 6. Nb5 Bb4+ 7. N1c3 d5 8. a3 Bxc3+ 9. Nxc3 d4 10. Nb1 0-0 11. Bg2 a5 12. b3 e5 13. 0-0 h6 14. Ra2 Bf5 15. Nd2 Qd7 16. Nf3 Rfe8 17. e3 Bg4 18. Qe1 d3 19. e4 Bxf3 20. Bxf3 Nd4 21. Qd1 Nxf3+ 22. Qxf3 Rad8 23. Bxh6 Nxe4 24. Bxg7 Nc3 25. Bf6 Nxa2 26. Qh5 1-0

[Event "Saratov RSOCF Cup"]
[Site "Saratov"]
[Date "2010.01.26"]
[Round "8"]
[White "Astashin, Alexander"]
[Black "Poleschikov, Alexey"]
[Result "0-1"]
[WhiteElo "2175"]
[BlackElo "1915"]
[PlyCount "76"]
[EventDate "2010.01.19"]
[EventType "swiss"]
[EventRounds "9"]
[EventCountry "RUS"]
[SourceTitle "CBM 134 Extra"]
[Source "ChessBase"]
[SourceDate "2010.03.03"]
[SourceVersion "1"]
[SourceVersionDate "2010.03.03"]
[SourceQuality "1"]

1. e4 e5 2. Nc3 Nc6 3. f4 exf4 4. d4 Qh4+ 5. Ke2 d6 6. Nf3 Bg4 7. Bxf4 Nf6 8. Bg3 Qh5 9. Kf2 0-0-0 10. Be2 Qa5 11. Qd3 Bxf3 12. Bxf3 Qb6 13. Ne2 Ne5 14. Qb3 Nxf3 15. gxf3 d5 16. e5 Nh5 17. c3 Qa6 18. Qc2 g6 19. b4 Be7 20. a4 Qc4 21. b5 c6 22. bxc6 Qxc6 23. Rhb1 Nxg3 24. hxg3 h5 25. Rh1 Kb8 26. Qb3 f6 27. f4 fxe5 28. fxe5 h4 29. Kg2 hxg3 30. Rxh8 Rxh8 31. Nf4 g5 32. Nxd5 Qe6 33. Rb1 Rh2+ 34. Kf3 Qf5+ 35. Ke3 Qf2+ 36. Ke4 Qg2+ 37. Kf5 Qh3+ 38. Ke4 Qg4+ 0-1

[Event "Saratov RSOCF Cup"]
[Site "Saratov"]
[Date "2010.01.23"]
[Round "5"]
[White "Poleschikov, Alexey"]
[Black "Petukhov, Dmitry"]
[Result "0-1"]
[WhiteElo "1915"]
[BlackElo "2287"]
[PlyCount "68"]
[EventDate "2010.01.19"]
[EventType "swiss"]
[EventRounds "9"]
[EventCountry "RUS"]
[SourceTitle "CBM 134 Extra"]
[Source "ChessBase"]
[SourceDate "2010.03.03"]
[SourceVersion "1"]
[SourceVersionDate "2010.03.03"]
[SourceQuality "1"]

1. d4 d5 2. Nf3 Nf6 3. c4 g6 4. Nc3 Bg7 5. Bg5 Ne4 6. cxd5 Nxg5 7. Nxg5 e6 8. Nf3 exd5 9. e3 0-0 10. b4 Re8 11. Be2 c6 12. 0-0 Bf5 13. a4 a5 14. Qb3 Na6 15. b5 Nb4 16. Ne1 Rc8 17. Rc1 c5 18. dxc5 Rxc5 19. Na2 Rxc1 20. Nxc1 d4 21. exd4 Bxd4 22. Nf3 Bc2 23. Qa3 Bf6 24. Bc4 Qc7 25. Bb3 Qc3 26. h3 Kg7 27. Kh1 h5 28. Ng1 b6 29. f4 Re3 30. Rf3 Rxf3 31. Nxf3 Qe3 32. Ng1 Nd3 33. Nge2 Nxc1 34. Nxc1 Bd4 0-1

[Event "Saratov op"]
[Site "Saratov"]
[Date "2009.06.09"]
[Round "9"]
[White "Palin, Denis"]
[Black "Poleschikov, Alexey"]
[Result "0-1"]
[WhiteElo "1933"]
[BlackElo "1919"]
[PlyCount "106"]
[EventDate "2009.06.01"]
[EventType "swiss"]
[EventRounds "9"]
[EventCountry "RUS"]
[SourceTitle "CBM 130 Extra"]
[Source "ChessBase"]
[SourceDate "2009.07.02"]
[SourceVersion "2"]
[SourceVersionDate "2009.07.15"]
[SourceQuality "1"]

1. c4 Nf6 2. d4 e6 3. Nc3 d5 4. cxd5 exd5 5. Bf4 Bf5 6. a3 c6 7. Nf3 Bd6 8. Bxd6 Qxd6 9. e3 0-0 10. Bd3 Bxd3 11. Qxd3 Nbd7 12. 0-0 a5 13. b3 Rfe8 14. h3 Ne4 15. Nd2 f5 16. Ndxe4 fxe4 17. Qd1 Nf6 18. Qc2 g5 19. Qd1 h5 20. g3 Qe6 21. Kg2 Rf8 22. Nb1 Kg7 23. Nd2 Kg6 24. Qc2 Kh6 25. Qd1 Rf7 26. Qe2 Raf8 27. b4 axb4 28. axb4 b5 29. Ra6 Qc8 30. Ra2 Ne8 31. Ra3 Nd6 32. g4 Rf3 33. Kh2 hxg4 34. Nxf3 Rxf3 35. Rg1 Rxh3+ 36. Kg2 Qf5 37. Rh1 Kg6 38. Raa1 Qf3+ 39. Qxf3 exf3+ 40. Kg1 Rxh1+ 41. Kxh1 Kf5 42. Ra6 Ne4 43. Kg1 g3 44. fxg3 Kg4 45. Kh2 Nxg3 46. Kg1 Ne4 47. Kh2 Nd2 48. Kg1 Kg3 49. Ra1 f2+ 50. Kh1 f1Q+ 51. Rxf1 Nxf1 52. e4 dxe4 53. d5 cxd5 0-1

[Event "Saratov op"]
[Site "Saratov"]
[Date "2009.06.05"]
[Round "5"]
[White "Vetryansky, Vladimir"]
[Black "Poleschikov, Alexey"]
[Result "1-0"]
[WhiteElo "2193"]
[BlackElo "1919"]
[PlyCount "103"]
[EventDate "2009.06.01"]
[EventType "swiss"]
[EventRounds "9"]
[EventCountry "RUS"]
[SourceTitle "CBM 130 Extra"]
[Source "ChessBase"]
[SourceDate "2009.07.02"]
[SourceVersion "2"]
[SourceVersionDate "2009.07.15"]
[SourceQuality "1"]

1. e4 c6 2. d4 d5 3. Nc3 dxe4 4. Nxe4 Bf5 5. Ng3 Bg6 6. Nf3 Nd7 7. h4 h6 8. h5 Bh7 9. Bd3 Bxd3 10. Qxd3 e6 11. Bd2 Ngf6 12. 0-0-0 Qc7 13. c4 0-0-0 14. Rhe1 Bd6 15. Ne4 Nxh5 16. c5 Be7 17. Qa3 b6 18. Ne5 Rhe8 19. Qf3 Nhf6 20. Nxf6 Nxe5 21. dxe5 gxf6 22. cxb6 axb6 23. exf6 Bc5 24. Bxh6 Rxd1+ 25. Rxd1 Rd8 26. Rxd8+ Kxd8 27. Bf4 Qd7 28. Qg3 Bd4 29. Qg8+ Qe8 30. Qxe8+ Kxe8 31. Be3 Bxf6 32. Bxb6 Be7 33. Kc2 Kd7 34. Kd3 c5 35. Kc4 Kc6 36. Ba5 Bd6 37. Bd2 f5 38. f3 f4 39. b3 Bb8 40. Be1 Bd6 41. Bf2 Be7 42. a4 Bd6 43. a5 Bc7 44. a6 Kb6 45. Bxc5+ Kxa6 46. Kd4 Kb5 47. Bf8 Bb8 48. Ke4 Bc7 49. Bh6 Kb4 50. Bxf4 Bd8 51. Be5 Kxb3 52. g4 1-0

[Event "Saratov op"]
[Site "Saratov"]
[Date "2009.06.01"]
[Round "1"]
[White "Dudin, Denis"]
[Black "Poleschikov, Alexey"]
[Result "1/2-1/2"]
[WhiteElo "2162"]
[BlackElo "1919"]
[PlyCount "105"]
[EventDate "2009.06.01"]
[EventType "swiss"]
[EventRounds "9"]
[EventCountry "RUS"]
[SourceTitle "CBM 130 Extra"]
[Source "ChessBase"]
[SourceDate "2009.07.02"]
[SourceVersion "2"]
[SourceVersionDate "2009.07.15"]
[SourceQuality "1"]

1. Nf3 Nf6 2. b3 e6 3. Bb2 d5 4. e3 c5 5. Be2 Nc6 6. Bb5 Bd7 7. 0-0 Be7 8. d3 0-0 9. Nbd2 a6 10. Bxc6 Bxc6 11. Ne5 Qc7 12. f4 b5 13. Rf3 Rfd8 14. Rg3 g6 15. Ndf3 Nd7 16. Ng5 Bxg5 17. Rxg5 Nxe5 18. Bxe5 Qe7 19. Rg3 d4 20. exd4 f6 21. d5 fxe5 22. dxc6 exf4 23. Rf3 Qd6 24. Kh1 Rac8 25. Qd2 e5 26. Re1 Re8 27. h3 Qxc6 28. Re4 g5 29. Rf1 Qf6 30. Qe2 Rc6 31. Qg4 Rce6 32. Rfe1 Kf8 33. Qe2 Kg7 34. Qf2 h5 35. Qxc5 Qf5 36. Rf1 Kg6 37. Re3 Qf6 38. Qd5 g4 39. d4 exd4 40. Rxe6 Rxe6 41. Qa8 Re2 42. Qg8+ Kh6 43. hxg4 Qh4+ 44. Kg1 Qxg4 45. Qf8+ Kg5 46. Qg7+ Kf5 47. Qd7+ Kg5 48. Qd5+ Kg6 49. Qg8+ Kf5 50. Qf7+ Kg5 51. Qg7+ Kf5 52. Qf7+ Kg5 53. Qg7+ 1/2-1/2

[Event "Dubai op 11th"]
[Site "Dubai"]
[Date "2009.05.04"]
[Round "9"]
[White "Johny, PI."]
[Black "Poleschikov, Alexey"]
[Result "1-0"]
[WhiteElo "2079"]
[BlackElo "1919"]
[PlyCount "89"]
[EventDate "2009.04.26"]
[EventType "swiss"]
[EventRounds "9"]
[EventCountry "UAE"]
[SourceTitle "CBM 130 Extra"]
[Source "ChessBase"]
[SourceDate "2009.07.02"]
[SourceVersion "2"]
[SourceVersionDate "2009.07.15"]
[SourceQuality "1"]

1. e4 c6 2. d4 d5 3. exd5 cxd5 4. c4 Nf6 5. Nc3 e6 6. Nf3 Bb4 7. Bd2 Nc6 8. a3 Be7 9. c5 0-0 10. b4 Ne4 11. Bd3 Nxd2 12. Qxd2 Bf6 13. 0-0 b6 14. b5 Nxd4 15. Nxd4 Bxd4 16. Bxh7+ Kxh7 17. Qxd4 bxc5 18. Qxc5 Bb7 19. Rfd1 Qg5 20. Qe3 Qxe3 21. fxe3 Rac8 22. Rac1 Rc4 23. Kf1 Rfc8 24. Ne2 e5 25. Rxc4 Rxc4 26. Rc1 Rxc1+ 27. Nxc1 Kg6 28. Ke2 Kf5 29. Nd3 d4 30. exd4 exd4 31. g3 Bd5 32. a4 Bb3 33. a5 Bc4 34. b6 axb6 35. axb6 Bd5 36. h3 Kg5 37. Nc5 f5 38. Kd3 Kf6 39. Kxd4 Bc6 40. b7 Bxb7 41. Nxb7 g5 42. Nc5 Kg6 43. Ke5 f4 44. g4 f3 45. Nd3 1-0

[Event "Saratov Rating"]
[Site "Saratov"]
[Date "2009.04.14"]
[Round "10"]
[White "Efimov, Ivan"]
[Black "Poleschikov, Alexey"]
[Result "1-0"]
[WhiteElo "2210"]
[BlackElo "1919"]
[PlyCount "101"]
[EventDate "2009.04.02"]
[EventType "tourn"]
[EventRounds "11"]
[EventCountry "RUS"]
[SourceTitle "EXT 2022"]
[Source "ChessBase"]
[SourceDate "2021.10.06"]
[SourceVersion "1"]
[SourceVersionDate "2021.10.06"]
[SourceQuality "1"]

1. e4 c6 2. d4 d5 3. Nc3 dxe4 4. Nxe4 Bf5 5. Ng3 Bg6 6. h4 h6 7. h5 Bh7 8. Nf3 Nd7 9. Bd3 Bxd3 10. Qxd3 e6 11. Bf4 Qa5+ 12. c3 Ngf6 13. b4 Qb5 14. Ke2 Nd5 15. Bd2 Qxd3+ 16. Kxd3 N7f6 17. Ne5 Bd6 18. f4 0-0 19. a3 Rac8 20. c4 Ne7 21. Ne4 Nxe4 22. Kxe4 Rfd8 23. Be3 b6 24. Bf2 c5 25. Rhc1 f5+ 26. Kf3 Bxe5 27. dxe5 cxb4 28. axb4 Nc6 29. Rc3 Rc7 30. b5 Nd4+ 31. Bxd4 Rxd4 32. Rac1 Rc5 33. g3 Rc7 34. Ke3 Rcd7 35. Ra3 Re4+ 36. Kf3 Red4 37. Rcc3 Kf7 38. c5 bxc5 39. Rxc5 Rd3+ 40. Rxd3 Rxd3+ 41. Ke2 Rd7 42. Kf3 Rd3+ 43. Kg2 Rd7 44. g4 g6 45. hxg6+ Kxg6 46. Rc6 Re7 47. Kg3 fxg4 48. Kxg4 h5+ 49. Kf3 Kf5 50. Rc8 Rf7 51. Rg8 1-0

[Event "Saratov Rating"]
[Site "Saratov"]
[Date "2009.04.07"]
[Round "5"]
[White "Vingurt, Grigorij"]
[Black "Poleschikov, Alexey"]
[Result "0-1"]
[WhiteElo "2059"]
[BlackElo "1919"]
[PlyCount "125"]
[EventDate "2009.04.02"]
[EventType "tourn"]
[EventRounds "11"]
[EventCountry "RUS"]
[SourceTitle "EXT 2022"]
[Source "ChessBase"]
[SourceDate "2021.10.06"]
[SourceVersion "1"]
[SourceVersionDate "2021.10.06"]
[SourceQuality "1"]

1. e4 c6 2. d4 d5 3. e5 Bf5 4. Nf3 e6 5. Be2 Nd7 6. 0-0 Ne7 7. Nc3 h6 8. Be3 Bh7 9. a3 Nf5 10. b4 b5 11. Qd2 Be7 12. Bd3 0-0 13. Bf4 a5 14. Ne2 g5 15. g4 Ng7 16. Bxh7+ Kxh7 17. Qd3+ Kg8 18. Bd2 axb4 19. Bxb4 Bxb4 20. axb4 f5 21. exf6 Qxf6 22. Kg2 e5 23. Rxa8 Rxa8 24. dxe5 Nxe5 25. Nxe5 Qxe5 26. Nd4 Qf6 27. Re1 Rf8 28. Re2 Qd6 29. c3 Rf6 30. Qg3 Rf4 31. h3 Qf6 32. Qd3 Qd6 33. f3 Rf6 34. Qe3 Rf7 35. Qe5 Qd7 36. Qb8+ Rf8 37. Qb6 Rc8 38. Qc5 Kf7 39. Re5 Qc7 40. Re2 Qd7 41. Re5 Qc7 42. Re2 Qd7 43. Ra2 Ne6 44. Nxe6 Qxe6 45. Ra7+ Kg8 46. Qe7 Qxe7 47. Rxe7 c5 48. Rb7 d4 49. cxd4 c4 50. Kf2 c3 51. Ra7 c2 52. Ra1 c1Q 53. Rxc1 Rxc1 54. Ke3 Kf7 55. f4 gxf4+ 56. Kxf4 Rc4 57. Ke5 Rxb4 58. h4 Rb1 59. g5 hxg5 60. hxg5 b4 61. d5 b3 62. Kd4 b2 63. Kc3 0-1

[Event "Saratov op"]
[Site "Saratov"]
[Date "2008.12.20"]
[Round "8"]
[White "Poleschikov, Alexey"]
[Black "Braun, Elina"]
[Result "1-0"]
[WhiteElo "1992"]
[BlackElo "1864"]
[PlyCount "81"]
[EventDate "2008.12.13"]
[EventType "swiss"]
[EventRounds "9"]
[EventCountry "RUS"]
[SourceTitle "EXT 2010"]
[Source "ChessBase"]
[SourceDate "2010.11.25"]
[SourceVersion "1"]
[SourceVersionDate "2010.11.25"]
[SourceQuality "1"]

1. d4 d5 2. Nf3 Nf6 3. c4 e6 4. Nc3 Be7 5. Bg5 Nbd7 6. e3 0-0 7. Qc2 a6 8. cxd5 exd5 9. Bd3 c6 10. 0-0 Re8 11. Rab1 Nf8 12. b4 Ng4 13. Bxe7 Qxe7 14. h3 Nh6 15. a4 g5 16. Nh2 f5 17. Ne2 Qf6 18. b5 axb5 19. axb5 Re7 20. bxc6 bxc6 21. Rb6 Bd7 22. Rc1 Ne6 23. Qb2 Rg7 24. Ng3 Qf7 25. Qb1 Nf8 26. Nf3 f4 27. Ne5 Qe7 28. Nf5 Nxf5 29. Bxf5 g4 30. hxg4 h5 31. exf4 hxg4 32. Bxd7 Nxd7 33. Nxd7 Qxd7 34. Rcxc6 Qf7 35. Rf6 Qh5 36. Rh6 Qe8 37. Rbg6 g3 38. Rxg3 Rxg3 39. fxg3 Qe3+ 40. Kh2 Qxd4 41. Qg6+ 1-0

[Event "Saratov op"]
[Site "Saratov"]
[Date "2008.12.17"]
[Round "5"]
[White "Lamikhov, Jury"]
[Black "Poleschikov, Alexey"]
[Result "1-0"]
[WhiteElo "1831"]
[BlackElo "1992"]
[PlyCount "39"]
[EventDate "2008.12.13"]
[EventType "swiss"]
[EventRounds "9"]
[EventCountry "RUS"]
[SourceTitle "EXT 2010"]
[Source "ChessBase"]
[SourceDate "2010.11.25"]
[SourceVersion "1"]
[SourceVersionDate "2010.11.25"]
[SourceQuality "1"]

1. d4 d5 2. c4 e6 3. Nf3 Nf6 4. g3 Be7 5. Bg2 0-0 6. Qc2 c6 7. 0-0 Nbd7 8. Nbd2 b6 9. e4 dxe4 10. Nxe4 Bb7 11. Nxf6+ Bxf6 12. Rd1 Qe7 13. Bf4 Rfc8 14. c5 Kh8 15. Bd6 Qe8 16. b4 Be7 17. Bf4 Nf6 18. Ng5 h6 19. Ne4 Nxe4 20. Bxe4 1-0

[Event "Saratov op"]
[Site "Saratov"]
[Date "2008.12.15"]
[Round "3"]
[White "Tolkanitsa, Vladimir"]
[Black "Poleschikov, Alexey"]
[Result "1/2-1/2"]
[WhiteElo "1908"]
[BlackElo "1992"]
[PlyCount "112"]
[EventDate "2008.12.13"]
[EventType "swiss"]
[EventRounds "9"]
[EventCountry "RUS"]
[SourceTitle "EXT 2010"]
[Source "ChessBase"]
[SourceDate "2010.11.25"]
[SourceVersion "1"]
[SourceVersionDate "2010.11.25"]
[SourceQuality "1"]

1. e4 c6 2. d4 d5 3. f3 e6 4. Nc3 Ne7 5. Nge2 Ng6 6. Be3 Be7 7. Nc1 b6 8. Nd3 Ba6 9. Be2 Bh4+ 10. g3 Be7 11. 0-0 0-0 12. e5 Qc8 13. f4 c5 14. Bf3 cxd4 15. Bxd4 Nc6 16. Bf2 Qd7 17. h4 h6 18. a3 Rac8 19. Re1 Qc7 20. Ne2 Rfd8 21. c3 Bf8 22. Kh2 Nge7 23. g4 Qd7 24. Rc1 Na5 25. Nb4 Bb7 26. Nd4 Nec6 27. Nbxc6 Nxc6 28. g5 hxg5 29. hxg5 Nxd4 30. Bxd4 Bc5 31. Kg3 Bxd4 32. Qxd4 Rc4 33. Qd2 d4 34. Bxb7 Qxb7 35. b3 Rcc8 36. c4 Qe7 37. b4 f6 38. exf6 gxf6 39. f5 Qd6+ 40. Qf4 Qxf4+ 41. Kxf4 fxg5+ 42. Kxg5 exf5 43. Kxf5 d3 44. Red1 Rc7 45. Rc3 d2 46. c5 bxc5 47. bxc5 Rd5+ 48. Ke4 Rdxc5 49. Rxc5 Rxc5 50. Rxd2 Rc7 51. Rd3 Kf7 52. Ke5 Ke7 53. a4 Rc5+ 54. Rd5 Rxd5+ 55. Kxd5 Kd7 56. Kc5 Kc7 1/2-1/2

[Event "Saratov Rating 10"]
[Site "Saratov"]
[Date "2008.11.01"]
[Round "6"]
[White "Poleschikov, Alexey"]
[Black "Eramian, Gamlet"]
[Result "1-0"]
[WhiteElo "1992"]
[BlackElo "2023"]
[PlyCount "83"]
[EventDate "2008.10.23"]
[EventType "tourn"]
[EventRounds "11"]
[EventCountry "RUS"]
[SourceTitle "EXT 2022"]
[Source "ChessBase"]
[SourceDate "2021.10.06"]
[SourceVersion "1"]
[SourceVersionDate "2021.10.06"]
[SourceQuality "1"]

1. d4 Nf6 2. Nf3 g6 3. c4 c5 4. d5 d6 5. Nc3 Bg7 6. Qc2 0-0 7. h3 e6 8. Bg5 exd5 9. Nxd5 Be6 10. Nxf6+ Bxf6 11. Bxf6 Qxf6 12. e4 Nc6 13. a3 Rfe8 14. Be2 a6 15. 0-0 Rab8 16. Rad1 Qe7 17. Rfe1 b5 18. cxb5 axb5 19. Qd2 Red8 20. Qf4 b4 21. a4 Bb3 22. Ra1 Ra8 23. Bd1 Bxd1 24. Rexd1 Na5 25. Rd5 Nb3 26. Rad1 Rxa4 27. e5 Qb7 28. Rxd6 Rf8 29. Rd7 Qa6 30. Qh6 g5 31. R1d6 Qe2 32. Qxg5+ Kh8 33. Qh6 Kg8 34. Ng5 Ra1+ 35. Kh2 Qxe5+ 36. g3 Qf5 37. Rf6 Qb1 38. Qxf8+ Kxf8 39. Rfxf7+ Ke8 40. Rde7+ Kd8 41. Ne6+ Kc8 42. Re8# 1-0

[Event "Saratov Rating 10"]
[Site "Saratov"]
[Date "2008.10.31"]
[Round "5"]
[White "Efimov, Ivan"]
[Black "Poleschikov, Alexey"]
[Result "1-0"]
[WhiteElo "2255"]
[BlackElo "1992"]
[PlyCount "107"]
[EventDate "2008.10.23"]
[EventType "tourn"]
[EventRounds "11"]
[EventCountry "RUS"]
[SourceTitle "EXT 2022"]
[Source "ChessBase"]
[SourceDate "2021.10.06"]
[SourceVersion "1"]
[SourceVersionDate "2021.10.06"]
[SourceQuality "1"]

1. e4 c6 2. Nc3 d5 3. Nf3 Bg4 4. h3 Bxf3 5. Qxf3 dxe4 6. Nxe4 e6 7. g3 Nd7 8. Bg2 Ngf6 9. 0-0 Nxe4 10. Qxe4 Nf6 11. Qa4 Qc7 12. d4 Bd6 13. c4 0-0 14. Be3 a6 15. Rfc1 Qd7 16. Qc2 Rac8 17. a3 Rfd8 18. Rd1 Qe7 19. Qa4 e5 20. Re1 Qf8 21. Rad1 h6 22. d5 c5 23. Bd2 Nd7 24. Qb3 b6 25. Qd3 f5 26. g4 fxg4 27. hxg4 Qf6 28. Bh3 Rf8 29. Qe3 g5 30. Bg2 Qg7 31. Be4 Rce8 32. Kg2 Rf6 33. Bf5 Nf8 34. Qe4 Ng6 35. Bxg6 Rxg6 36. b4 Rf6 37. f3 Ref8 38. Rf1 Qe7 39. Rb1 Qe8 40. Rb3 Kg7 41. Rh1 b5 42. Bxg5 Rg6 43. Be3 bxc4 44. Rc3 cxb4 45. axb4 Bxb4 46. Rxc4 Bd6 47. Rc6 a5 48. Bxh6+ Rxh6 49. Rxh6 Kxh6 50. Rxd6+ Kg7 51. Re6 Qf7 52. Qxe5+ Kg8 53. Qg5+ Qg7 54. Rg6 1-0

[Event "Saratov Rating 10"]
[Site "Saratov"]
[Date "2008.10.30"]
[Round "7"]
[White "Kovaliov, Nikolay"]
[Black "Poleschikov, Alexey"]
[Result "1/2-1/2"]
[WhiteElo "2061"]
[BlackElo "1992"]
[PlyCount "71"]
[EventDate "2008.10.23"]
[EventType "tourn"]
[EventRounds "11"]
[EventCountry "RUS"]
[SourceTitle "EXT 2022"]
[Source "ChessBase"]
[SourceDate "2021.10.06"]
[SourceVersion "1"]
[SourceVersionDate "2021.10.06"]
[SourceQuality "1"]

1. Nf3 Nf6 2. b3 e6 3. Bb2 Be7 4. g3 b6 5. Bg2 Bb7 6. 0-0 d5 7. d3 c5 8. Nbd2 0-0 9. Re1 Nc6 10. e4 d4 11. Qe2 e5 12. Rf1 Qc7 13. Nh4 Bc8 14. Nf5 g6 15. Nxe7+ Qxe7 16. a3 Kg7 17. Rae1 h5 18. f4 Ng4 19. f5 Nf6 20. Nf3 Bd7 21. Bc1 Nh7 22. Nh4 Qd6 23. Rf2 Ne7 24. Ref1 Ng8 25. h3 b5 26. Kh2 Ngf6 27. Qd2 Ng8 28. g4 hxg4 29. hxg4 g5 30. Nf3 f6 31. Kg3 Nh6 32. Rh1 Rh8 33. Bf1 Nf7 34. Rfh2 Rag8 35. Rh5 Nf8 36. R1h3 1/2-1/2